[Event "IM"]
[Site "Dubna RUS"]
[Date "2007.08.10"]
[Round "14"]
[White "Gorbatenko,K"]
[Black "Ozolin,M"]
[Result "0-1"]
[WhiteElo "2084"]
[BlackElo "2406"]

1.d4 Nf6 2.Nf3 g6 3.c4 Bg7 4.Nc3 O-O 5.e4 d6 6.Be2 e5 7.d5 a5 8.Bg5 h6 9.Bh4 Na6
10.Nd2 Qe8 11.O-O Nh7 12.a3 Bd7 13.Rb1 a4 14.Nb5 h5 15.f3 Bh6 16.Bf2 b6 17.b4 axb3
18.Nxb3 f5 19.Bd3 Qe7 20.a4 h4 21.Qe1 h3 22.g3 Ng5 23.Nd2 Nc5 24.Bxc5 bxc5
25.Ra1 c6 26.Nc3 Qd8 27.Qd1 Nh7 28.Re1 Qg5 29.Ra2 Nf6 30.Kh1 Nh5 31.Bf1 cxd5
32.Nxd5 Rxa4 33.Rxa4 Bxa4 34.Qxa4 Qxd2 35.Qd1 fxe4 36.Qxd2 Bxd2 37.Rd1 e3
38.Be2 Ng7 39.Rb1 Nf5  0-1

[Event "Scandinavian Chess Tournament"]
[Site "Taby SWE"]
[Date "2007.08.10"]
[Round "9"]
[White "Evertsson,L"]
[Black "Nilsson,C"]
[Result "1-0"]
[WhiteElo "2208"]
[BlackElo "2137"]

1.Nf3 Nf6 2.c4 g6 3.Nc3 Bg7 4.d4 O-O 5.e4 d6 6.Be2 e5 7.Bg5 h6 8.dxe5 hxg5
9.exf6 Bxf6 10.Qd2 Re8 11.h4 g4 12.Ng5 c6 13.f3 Nd7 14.O-O-O Qa5 15.fxg4 b5
16.cxb5 Nc5 17.Qf4 Kg7 18.Rhf1 Bxg5 19.hxg5  1-0

[Event "Arctic Chess Challenge"]
[Site "Tromso NOR"]
[Date "2007.08.10"]
[Round "7"]
[White "Brodsky,M"]
[Black "Pettersson,Tob"]
[Result "1-0"]
[WhiteElo "2595"]
[BlackElo "2122"]

1.d4 d6 2.Nf3 g6 3.c4 Nf6 4.Nc3 Bg7 5.e4 O-O 6.Be2 e5 7.Be3 Ng4 8.Bg5 f6
9.Bh4 g5 10.Bg3 Nh6 11.dxe5 fxe5 12.h4 g4 13.Nh2 Nc6 14.Nxg4 Nxg4 15.Bxg4 Bh6
16.Bxc8 Rxc8 17.f3 Kh8 18.Bf2 Qf6 19.Nd5 Qf7 20.Qd3 Nd8 21.Ne3 Bxe3 22.Bxe3 Rg8
23.Qc2 Ne6 24.O-O-O b6 25.Kb1 Rg3 26.Qf2 Rg6 27.h5 Rg7 28.Rh2 a5 29.g3 Ng5
30.h6 Rg6 31.Bxg5 Rxg5 32.Rc1 Rf8 33.Rc3 Qg6 34.Rg2 Rg8 35.g4 Qxh6 36.a3 Rf8
37.Ka2 Qe6 38.Rh2 Qf6 39.Qh4 Rg7 40.Qe1 Qe7 41.Rh5 Rg5 42.Rh3 Rf7 43.Qh1 Qf8
44.Rc2 Qg8 45.Ka1 Rfg7 46.Rch2 R5g6 47.Qc1 Rg5 48.Qc3 Qf7 49.Rd2 Qf8 50.Qc1 Qf4
51.Qd1 Qf7 52.Rc2 Qe6 53.Qh1 Qf7 54.Rch2 Qg8 55.Qc1 Qd8 56.Rh6 R5g6 57.R2h5 Qg8
58.Rxg6 Rxg6 59.Rf5 Qd8 60.g5 Qe7 61.Ka2 Kg8 62.Kb3 Rg7 63.Qd2 c6 64.Qe3 Qc7
65.f4 exf4 66.Qxf4 Rf7 67.Kc3 Rxf5 68.exf5 Qe7 69.Kd2 Kf7 70.b3 Kg8 71.Qe3 Qd7
72.Qe4 Qf7 73.Ke3 d5 74.cxd5 cxd5 75.Qe6  1-0

[Event "LNA Copa Puma"]
[Site "Argentina ARG"]
[Date "2007.08.11"]
[Round "1"]
[White "Urchipia,C"]
[Black "Gomez,Car"]
[Result "1/2-1/2"]
[WhiteElo "2112"]
[BlackElo "2210"]

1.Nf3 Nf6 2.c4 g6 3.Nc3 Bg7 4.e4 d6 5.d4 O-O 6.Be2 e5 7.d5 a5 8.Bg5 h6 9.Bh4 Na6
10.Nd2 Qe8 11.a3 Bd7 12.b3 Nh7 13.f3 h5 14.Rb1 Bh6 15.Bf2 Qe7 16.b4 axb4
17.axb4 f5 18.c5 dxc5 19.Bxa6 Rxa6 20.bxc5 Ra3 21.Qc2 Bxd2+ 22.Qxd2 Nf6 23.O-O Bc8
24.Nb5 Ra6 25.d6 cxd6 26.Nxd6 fxe4 27.fxe4 Ng4 28.Bg3 Rxf1+ 29.Rxf1 Be6 30.Rb1 h4
31.Be1 Ra2 32.Qc1 h3 33.Rb2 b6 34.gxh3 bxc5 35.Rxa2 Bxa2 36.Qxc5 Nh6 37.Bg3 Nf7
38.Qc8+ Kh7 39.Nxf7 Bxf7 40.Qc3 Qa7+ 41.Bf2 Qb8 42.Kg2 g5 43.Bg3 Bg6 44.Kf3 Qb1
45.Qxe5 Qd3+ 46.Kg4 Qxe4+ 47.Qxe4 Bxe4  1/2-1/2

[Event "FSIMB August"]
[Site "Budapest HUN"]
[Date "2007.08.11"]
[Round "6"]
[White "Gauri,S"]
[Black "Khairallah,F"]
[Result "1/2-1/2"]
[WhiteElo "2177"]
[BlackElo "2323"]

1.d4 Nf6 2.c4 g6 3.Nc3 Bg7 4.e4 d6 5.Nf3 O-O 6.Be2 Na6 7.O-O e5 8.Re1 c6
9.Bf1 Bg4 10.Be3 Nh5 11.Be2 Nf4 12.Bxf4 exf4 13.Qd2 Qb6 14.Rad1 Nc7 15.c5 dxc5
16.Na4 Qb4 17.Nxc5 Qxd2 18.Rxd2 b6 19.Nb3 a5 20.h3 Be6 21.Rc1 a4 22.Na1 c5
23.dxc5 bxc5 24.Rxc5 Na6 25.Ra5 Nb4 26.Rxa8 Rxa8 27.a3 Nc6 28.Bb5 Na5 29.e5 Nc4
30.Bxc4 Bxc4 31.Nc2 Rc8 32.Nb4  1/2-1/2

[Event "Open"]
[Site "Dubna RUS"]
[Date "2007.08.11"]
[Round "13"]
[White "Volkov,E"]
[Black "Turutin,A"]
[Result "1-0"]
[WhiteElo "2184"]
[BlackElo "2331"]

1.d4 Nf6 2.c4 g6 3.Nc3 Bg7 4.e4 d6 5.Nf3 O-O 6.Be2 e5 7.O-O Nbd7 8.Be3 Ng4
9.Bg5 f6 10.Bh4 g5 11.Bg3 Nh6 12.d5 f5 13.exf5 Nxf5 14.Nd2 Nf6 15.Nde4 Nxe4
16.Nxe4 Nd4 17.Bg4 h6 18.Rc1 b6 19.Bxc8 Qxc8 20.Qh5 Qf5 21.Rfe1 g4 22.Qxf5 Nxf5
23.Rc3 h5 24.f3 gxf3 25.Rxf3 Nd4 26.Rxf8+ Rxf8 27.h3 Bh6 28.b3 Kg7 29.Bh4 Nf5
30.Bf2 a5 31.g4  1-0

[Event "IM"]
[Site "Dubna RUS"]
[Date "2007.08.11"]
[Round "16"]
[White "Savina,A"]
[Black "Ozolin,M"]
[Result "1/2-1/2"]
[WhiteElo "2209"]
[BlackElo "2406"]

1.d4 Nf6 2.c4 g6 3.Nc3 Bg7 4.e4 d6 5.Nf3 O-O 6.Be2 e5 7.Be3 Ng4 8.Bg5 f6
9.Bh4 Nc6 10.d5 Ne7 11.Nd2 Nh6 12.f3 g5 13.Bf2 f5 14.c5 Ng6 15.g3 g4 16.fxg4 Nxg4
17.Bxg4 fxg4 18.O-O Nh8 19.cxd6 cxd6 20.Nc4 Nf7 21.Be3 Bd7 22.a4 Rc8 23.Qe2 Qc7
24.b3 b6 25.Nb5 Bxb5 26.axb5 Qd7 27.Rf5 Qxb5 28.Qxg4 Qxb3 29.Rxf7 Rxf7 30.Qxc8+ Rf8
31.Qe6+ Kh8 32.Bh6 Qxc4 33.Bxg7+ Kxg7 34.Rxa7+ Kh8 35.Rxh7+ Kxh7 36.Qh3+  1/2-1/2

[Event "Tsiolkovsky Mem"]
[Site "Kaluga RUS"]
[Date "2007.08.11"]
[Round "8"]
[White "Yurchenkov,Y"]
[Black "Egorov,P"]
[Result "1/2-1/2"]
[WhiteElo "2046"]
[BlackElo "1882"]

1.d4 Nf6 2.c4 g6 3.Nc3 Bg7 4.e4 d6 5.Be2 O-O 6.Nf3 e5 7.Bg5 h6 8.Bh4 g5 9.Bg3 Nh5
10.dxe5 Nxg3 11.hxg3 dxe5 12.Qxd8 Rxd8 13.Nd5 Na6 14.O-O-O Be6 15.Ne7+ Kf8
16.Nf5 Bxf5 17.exf5 e4 18.Nh2 Ke7 19.Ng4 Rh8 20.f6+ Bxf6 21.Nxh6 Nc5 22.Nf5+ Ke6
23.g4 Rxh1 24.Rxh1 Rh8 25.Rd1 Rh2 26.Ne3 Na4 27.c5 Nxb2 28.Rd2 Rh1+ 29.Kc2 Nd3
30.Bxd3 exd3+ 31.Rxd3 Ra1 32.Ra3 Bd4 33.Rxa7 Bxc5 34.Ra5 Bxe3 35.fxe3 Rg1
36.Ra7 Rxg2+ 37.Kc3 b5 38.Rxc7 Rxg4 39.Kd3 Ra4 40.Rb7 Rxa2 41.Rxb5 g4 42.Rg5 Rg2
43.Ke4 Kf6 44.Rg8 Rg1 45.Kf4 Rf1+ 46.Ke4 Ke6 47.Re8+ Kd6 48.Rd8+ Ke7 49.Rg8  1/2-1/2

[Event "ch-AUT"]
[Site "Tweng AUT"]
[Date "2007.08.11"]
[Round "8"]
[White "Dietmayer Kraeutler,M"]
[Black "Neumeier,K"]
[Result "0-1"]
[WhiteElo "2311"]
[BlackElo "2263"]

1.d4 Nf6 2.c4 g6 3.Nc3 Bg7 4.e4 d6 5.Nf3 O-O 6.Be2 e5 7.O-O Na6 8.Re1 Qe8
9.d5 Nc5 10.Nd2 a5 11.b3 Bd7 12.Bb2 Kh8 13.a3 Bh6 14.Bf1 Bxd2 15.Qxd2 Nxb3
16.Qg5 Qe7 17.Rab1 Nxd5 18.Nxd5 Qxg5 19.f4 Qd8 20.fxe5 f6 21.Nxf6 Nc5 22.Nxd7 Nxd7
23.exd6+ Kg8 24.c5 Rxf1+ 25.Rxf1 Nxc5 26.dxc7 Qxc7 27.Rbc1 Rf8 28.Rf3 Rxf3
29.gxf3 b6 30.e5 Qf7 31.Rc3 Qd5  0-1

[Event "Open"]
[Site "Callao PER"]
[Date "2007.08.12"]
[Round "6"]
[White "Salas,Cr"]
[Black "Robledo,M"]
[Result "1/2-1/2"]
[WhiteElo "2412"]
[BlackElo "2226"]

1.d4 Nf6 2.c4 g6 3.Nc3 Bg7 4.e4 d6 5.Nf3 O-O 6.Be2 e5 7.Be3 Qe7 8.d5 Nbd7
9.Nd2 Ne8 10.g4 a5 11.h4 Nc5 12.g5 f5 13.f3 Bh8 14.Qc2 Ng7 15.O-O-O Nh5 16.Rdg1 Bd7
17.Nb3 b6 18.Nxc5 bxc5 19.Nb5 Qd8 20.a4 Rf7 21.Kb1 Bg7 22.Ka2 Bc8 23.Rh2 Bd7
24.Qb1 Bc8 25.Qc2  1/2-1/2

[Event "It"]
[Site "Kemerovo RUS"]
[Date "2007.08.12"]
[Round "10"]
[White "Kljucharev,S"]
[Black "Karimov,I"]
[Result "1-0"]
[WhiteElo "2320"]
[BlackElo "2304"]

1.Nf3 Nf6 2.c4 g6 3.Nc3 Bg7 4.e4 d6 5.d4 O-O 6.Be2 e5 7.d5 c5 8.Bg5 h6 9.Bh4 g5
10.Bg3 Nh5 11.h4 g4 12.Nd2 Nxg3 13.fxg3 h5 14.Bd3 Qf6 15.Qe2 Bh6 16.Nf1 Na6
17.Ne3 Bxe3 18.Qxe3 Qg6 19.O-O Bd7 20.a3 Kg7 21.Rab1 f6 22.b4 Rac8 23.Qe2 Qe8
24.Rfc1 Qd8 25.Kh1 Rf7 26.Nd1 Rf8 27.Ne3 Rh8 28.Qd1 Rh6 29.Rb2 Rh7 30.Qd2 Kh8
31.Rf1 Kg7 32.Rbb1 Kh8 33.Rf2 Kg7 34.Bc2 Qc7 35.Bd1 Rf8 36.b5 Nb8 37.b6 axb6
38.Qb2 Bc8 39.Qxb6 Kg6 40.Ba4 Na6 41.Kg1 Qe7 42.Bb5 Nc7 43.Qa5 Nxb5 44.Qxb5 f5
45.exf5+ Bxf5 46.Nxf5 Rxf5 47.Rxf5 Kxf5 48.Rf1+ Kg6 49.Qb1+ Kh6 50.Qc2  1-0

[Event "12th WY U16 Ol"]
[Site "Singapore SIN"]
[Date "2007.08.12"]
[Round "10"]
[White "Jung Young Hoon"]
[Black "Michaelides,M"]
[Result "0-1"]
[WhiteElo "1561"]
[BlackElo "1730"]

1.d4 Nf6 2.c4 g6 3.Nc3 Bg7 4.e4 d6 5.Be2 O-O 6.Nf3 Nbd7 7.O-O e5 8.d5 Ne8
9.Nd2 f5 10.b4 a5 11.Ba3 f4 12.Bg4 b6 13.bxa5 Rxa5 14.Bb4 Ra8 15.Nb5 h5 16.Be6+ Kh8
17.a4 Nc5 18.Bxc8 Qxc8 19.a5 Na6 20.Qb3 bxa5 21.Rxa5 Nxb4 22.Qxb4 Rxa5 23.Qxa5 h4
24.Qc3 Bh6 25.c5 Qd7 26.cxd6 cxd6 27.Qc6 Qe7 28.Nc4 f3 29.gxf3 Qg5+ 30.Kh1 Qf4
31.Nxe5 Qxe5 32.Rg1 Qh5 33.Qc3+ Bg7 34.Qd3 Rxf3 35.Qe2 Kh7 36.Rg5 Qxg5 37.Qxf3 Be5
38.Qa3 Qf4 39.Qh3 Qxe4+ 40.Qg2 Qb1+ 41.Qg1 Qxb5 42.Qd1 Qc4 43.Qf3 Qf4 44.Qxf4 Bxf4
45.Kg2 Nf6 46.Kh3 g5 47.Kg2 Nxd5 48.Kf3 Nf6 49.h3 Kg6  0-1

[Event "17th Chess Festival"]
[Site "Abu Dhabi UAE"]
[Date "2007.08.13"]
[Round "2"]
[White "Ibrahimov,R"]
[Black "Salem,AR"]
[Result "1/2-1/2"]
[WhiteElo "2504"]
[BlackElo "2218"]

1.Nf3 Nf6 2.c4 g6 3.Nc3 Bg7 4.e4 d6 5.d4 O-O 6.Be2 e5 7.Be3 Nbd7 8.O-O Re8
9.d5 Nh5 10.g3 Bf8 11.Nd2 Ng7 12.b4 f5 13.Re1 Be7 14.Nb3 Rf8 15.c5 f4 16.cxd6 Bxd6
17.Bc5 Nf6 18.g4 h5 19.f3 hxg4 20.fxg4  1/2-1/2

[Event "17th Chess Festival"]
[Site "Abu Dhabi UAE"]
[Date "2007.08.13"]
[Round "2"]
[White "Kiss,Pa"]
[Black "Jankovic,A"]
[Result "0-1"]
[WhiteElo "2413"]
[BlackElo "2536"]

1.d4 Nf6 2.c4 g6 3.Nc3 Bg7 4.e4 d6 5.Be2 O-O 6.Nf3 e5 7.O-O Na6 8.Re1 Qe8
9.Bf1 Bg4 10.d5 Nh5 11.h3 Bd7 12.Rb1 Nc5 13.Nb5 Bxb5 14.cxb5 f5 15.Ng5 Nxe4
16.Nxe4 fxe4 17.Rxe4 Qf7 18.Be3 Nf6 19.Ra4 Nxd5 20.Bc4 c6 21.bxc6 bxc6 22.Ra5 Kh8
23.Bxd5 cxd5 24.Qxd5 Qf5 25.Rc1 e4 26.b4 Be5 27.Rc7 Rac8 28.Rxc8 Qxc8 29.Qxe4 Qc3
30.Qb1 Bd4 31.Bxd4+ Qxd4 32.Qe1 Rc8 33.Qe3 Qxb4 34.Rxa7 Qb2 35.Qe7 Qc1+ 36.Kh2 Qf4+  0-1

[Event "Romanian Open"]
[Site "Predeal ROM"]
[Date "2007.08.13"]
[Round "3"]
[White "Javakhishvili,L"]
[Black "Gourlay,I"]
[Result "1-0"]
[WhiteElo "2460"]
[BlackElo "2347"]

1.d4 Nf6 2.c4 g6 3.Nc3 Bg7 4.e4 d6 5.Nf3 O-O 6.Be2 e5 7.O-O Na6 8.Re1 c6
9.Be3 Ng4 10.Bg5 Qc7 11.Bh4 exd4 12.Nxd4 Nf6 13.Nb3 Re8 14.Bf1 Be6 15.Rc1 Rad8
16.Qf3 Nd7 17.Bxd8 Qxd8 18.Na4 Ne5 19.Qg3 h5 20.f4 h4 21.Qf2 Ng4 22.Qf3 Nc5
23.Naxc5 dxc5 24.Rcd1 Qb6 25.h3 Nh6  1-0

[Event "Acropolis Open"]
[Site "Athens GRE"]
[Date "2007.08.14"]
[Round "1"]
[White "Kadimova,I"]
[Black "Kotronias,V"]
[Result "1/2-1/2"]
[WhiteElo "2316"]
[BlackElo "2612"]

1.d4 Nf6 2.c4 g6 3.Nc3 Bg7 4.e4 d6 5.Be2 O-O 6.Nf3 e5 7.Be3 c6 8.d5 Na6 9.O-O Ng4
10.Bg5 f6 11.Bh4 c5 12.Ne1 h5 13.Nd3 Nb4 14.Nc1 Qe7 15.a3 Na6 16.Nd3 g5 17.Bg3 f5
18.exf5 Bxf5 19.Bxg4 Bxg4 20.f3 Bf5 21.Ne4 Bh6 22.h3 g4 23.hxg4 hxg4 24.Qe2 Qh7
25.Rae1 b5 26.fxg4 Bxe4 27.Rxf8+ Rxf8 28.Qxe4 Nc7 29.Nf2 bxc4 30.Qxc4 Bd2
31.Re2 Qb1+ 32.Kh2 Qg6 33.Qe4 Qh6+ 34.Nh3 Bf4 35.Rf2 Bxg3+ 36.Kxg3 Rxf2 37.Nxf2 Kg7
38.b4 cxb4 39.axb4 Qf4+ 40.Qxf4 exf4+ 41.Kf3 Nxd5 42.Ne4 Nxb4 43.Nxd6 a5
44.Kxf4 a4 45.Nb5 Nc2 46.Ke4 a3 47.Nxa3 Nxa3  1/2-1/2

[Event "Open"]
[Site "Callao PER"]
[Date "2007.08.14"]
[Round "9"]
[White "Avalos Parra,J"]
[Black "Calcina,G"]
[Result "1/2-1/2"]
[WhiteElo "2267"]
[BlackElo "2126"]

1.Nf3 g6 2.c4 Bg7 3.Nc3 Nf6 4.d4 O-O 5.e4 d6 6.Be2 e5 7.Be3 Nc6 8.d5 Ne7
9.Nd2 Nd7 10.g4 f5 11.gxf5 gxf5 12.Bg5 Nf6 13.Qc2 h6 14.Bxf6 Bxf6 15.O-O-O f4
16.Rdg1+ Kh8 17.Bg4 Rg8 18.Qd1 Bxg4 19.Rxg4 Qd7 20.Rhg1 a6 21.Qf3 Rxg4 22.Qxg4 Qxg4
23.Rxg4 h5 24.Rg2 Kh7 25.b4 Kh6 26.a4 a5 27.bxa5 Rxa5 28.Nb3 Ra6 29.a5 Ng6
30.Nb5 Nh4 31.Rg1 Nf3 32.Rh1 Bh4 33.Kd1 Bxf2 34.Rf1 Nd4 35.N5xd4 Bxd4 36.Nxd4 exd4
37.Rxf4 Rxa5 38.Kd2 Ra2+ 39.Kd3 Kg6 40.h4 Rg2 41.Kxd4 Rd2+ 42.Ke3 Rc2 43.Kd3 Rh2
44.Rf8 Rxh4 45.Rc8 Rh1 46.Rxc7 h4 47.Ke3 Re1+ 48.Kf3 h3 49.Kg3 Re3+ 50.Kh2 Kf6
51.Rxb7 Rxe4 52.Rc7  1/2-1/2

[Event "Romanian Open"]
[Site "Predeal ROM"]
[Date "2007.08.14"]
[Round "5"]
[White "Filip,L"]
[Black "Matamoros Franco,C"]
[Result "1/2-1/2"]
[WhiteElo "2400"]
[BlackElo "2528"]

1.d4 Nf6 2.c4 g6 3.Nc3 Bg7 4.e4 d6 5.Be2 O-O 6.Nf3 e5 7.Be3 Na6 8.O-O Ng4
9.Bg5 Qe8 10.Re1 c6 11.d5 c5 12.h3 f6 13.Bd2 Nh6  1/2-1/2

[Event "17th Chess Festival"]
[Site "Abu Dhabi UAE"]
[Date "2007.08.15"]
[Round "4"]
[White "Sundararajan,K"]
[Black "Jankovic,A"]
[Result "0-1"]
[WhiteElo "2443"]
[BlackElo "2536"]

1.d4 Nf6 2.c4 g6 3.Nc3 Bg7 4.e4 d6 5.Nf3 O-O 6.Be2 e5 7.Be3 Na6 8.O-O c6
9.d5 Ng4 10.Bg5 f6 11.Bd2 c5 12.Ne1 f5 13.Bxg4 fxg4 14.a3 b6 15.Rb1 h5 16.b4 Nc7
17.Nc2 Rf7 18.Ne3 Bh6 19.Qe2 Ne8 20.f3 gxf3 21.Rxf3 Rxf3 22.Qxf3 Qf6 23.Qe2 Qg7
24.Rf1 Rb8 25.Rf3 Kh7 26.Qf2 Rb7 27.Nf1 Bf4 28.g3 Bxd2 29.Qxd2 Nf6 30.Qg5 Rf7
31.Ne3 Ng4 32.Rxf7 Qxf7 33.Nxg4 Bxg4 34.Qe3 cxb4 35.axb4 Qc7 36.Qf2 Bh3 37.Nb5 Qxc4
38.Qf7+ Kh6 39.Qf8+ Kg5 40.Qe7+ Kg4 41.Kf2 Qf1+ 42.Ke3 Qe1+ 43.Kd3 Bf1+ 44.Kc2 Qxe4+  0-1

[Event "FSGM August"]
[Site "Budapest HUN"]
[Date "2007.08.15"]
[Round "10"]
[White "Kosic,D"]
[Black "Rajlich,I"]
[Result "1-0"]
[WhiteElo "2501"]
[BlackElo "2406"]

1.d4 Nf6 2.Nf3 d6 3.c4 g6 4.Nc3 Bg7 5.e4 O-O 6.Be2 e5 7.Be3 exd4 8.Nxd4 Re8
9.f3 c6 10.Bf2 Bh6 11.O-O Qe7 12.Re1 Nbd7 13.Bf1 Ne5 14.b3 a6 15.a4 Qf8 16.a5 Bd7
17.Na4 c5 18.Nc2 Bxa4 19.Rxa4 Bf4 20.Ne3 Nc6 21.g3 Be5 22.Qd3 Bd4 23.Nc2 Ne5
24.Qd1 Bxf2+ 25.Kxf2 h5 26.h4 Qg7 27.Qd2 Nc6 28.Bh3 Re5 29.Raa1 Rae8 30.Rad1 g5
31.hxg5 Rxg5 32.Qf4 Nd4 33.Nxd4 cxd4 34.Rxd4 Ng4+ 35.Kg2 Re6 36.e5 Rexe5
37.Rxe5 dxe5 38.Rd8+ Kh7 39.Qe4+ f5 40.Qd3 e4 41.fxe4 Qb2+ 42.Qd2 Qxd2+ 43.Rxd2 fxe4
44.Rd7+ Kg6 45.Bxg4 Rxg4 46.Kf2 Rg5 47.b4 Kf6 48.Rxb7 Ke5 49.Rd7 e3+ 50.Kf3 e2
51.Rd5+ Ke6 52.Kxe2 Rxg3 53.Rxh5 Rb3 54.b5 axb5 55.cxb5 Kd6 56.Kd2 Ra3 57.b6 Kc6
58.Kc2 Rg3 59.Rh6+ Kb5 60.b7 Rg8 61.Rb6+  1-0

[Event "Spiltan Fonder IM"]
[Site "Gothenburg SWE"]
[Date "2007.08.15"]
[Round "5"]
[White "Vas,P SWE"]
[Black "Nithander,V"]
[Result "0-1"]
[WhiteElo "2166"]
[BlackElo "2357"]

1.d4 Nf6 2.c4 g6 3.Nc3 Bg7 4.e4 d6 5.Nf3 O-O 6.Be2 Na6 7.O-O e5 8.Re1 c6
9.Bf1 Bg4 10.d5 Ne8 11.h3 Bd7 12.c5 dxc5 13.Bxa6 bxa6 14.Be3 f6 15.Bxc5 Rf7
16.b4 Bf8 17.Qd3 Qc8 18.Rac1 Qb7 19.Nd2 cxd5 20.Nxd5 Bb5 21.Qb3 Rd8 22.Bxf8 Kxf8
23.Nc4 Qd7 24.Red1 Ba4 25.Qe3 Bxd1 26.Rxd1 Kg7 27.Na5 Nd6 28.Rc1 Rc8 29.Rxc8 Qxc8
30.Qc5 Qxc5 31.bxc5 Nxe4 32.c6 Nd6 33.Nb3 Rf8 34.c7 Kf7 35.Nc5 Rc8 36.Nxa6 Ne8
37.Kh2 Ke6  0-1

[Event "Spiltan Fonder IM"]
[Site "Gothenburg SWE"]
[Date "2007.08.15"]
[Round "5"]
[White "Moberg,K"]
[Black "Ask,J"]
[Result "1/2-1/2"]
[WhiteElo "2326"]
[BlackElo "2211"]

1.d4 Nf6 2.c4 g6 3.Nc3 Bg7 4.e4 d6 5.Nf3 O-O 6.Be2 e5 7.d5 a5 8.Bg5 h6 9.Bh4 Na6
10.Nd2 Bd7 11.O-O Qe8 12.Rb1 Nh7 13.Kh1 h5 14.f3 Bh6 15.b3 Be3 16.a3 Bc5
17.Qc1 Qb8 18.Na2 Qa7 19.b4 axb4 20.axb4 Be3 21.Nc3 g5 22.Be1 c6 23.dxc6 bxc6
24.b5 Nc5 25.bxc6 Bxc6 26.Nb5 Bxb5 27.cxb5 Ne6 28.Qb2 Bd4 29.Qb3 Nc5 30.Qd1 Ne6
31.Bc4 Rfc8 32.Bd5 Rab8 33.Nc4 Rd8 34.Bb4 Rxb5 35.Bxd6 Rxb1 36.Qxb1 Nf4 37.Bxe5 Nxd5
38.exd5 Rxd5 39.Qe4 Rd7 40.Bxd4 Qxd4 41.Qxd4 Rxd4 42.Ne3 Nf8 43.Nf5 Ra4  1/2-1/2

[Event "New England Masters"]
[Site "Peabody USA"]
[Date "2007.08.16"]
[Round "6"]
[White "Vigorito,D"]
[Black "Liu,E"]
[Result "1-0"]
[WhiteElo "2393"]
[BlackElo "2260"]

1.d4 g6 2.c4 Bg7 3.e4 d6 4.Nc3 Nf6 5.Nf3 O-O 6.Be2 e5 7.O-O Na6 8.Be3 Ng4
9.Bg5 Qe8 10.dxe5 dxe5 11.Qc1 c6 12.Rd1 f6 13.Bd2 f5 14.h3 Nf6 15.exf5 gxf5
16.Bh6 Nc5 17.Bxg7 Kxg7 18.b4 Ncd7 19.Nh4 f4 20.Nf5+ Kh8 21.Nd6 Qg6 22.Bf3 a5
23.a3 Nb6 24.Qb1 axb4 25.Qxg6 hxg6 26.axb4 Be6 27.Nxb7 Nxc4 28.Bxc6 Rxa1
29.Rxa1 Rb8 30.Nc5 Bf5 31.b5 e4 32.Ra4 Ne5 33.N5xe4 Nxe4 34.Bxe4 Bd7 35.Ra8 Rxa8
36.Bxa8 Nc4 37.Bc6  1-0

[Event "Acropolis Open"]
[Site "Athens GRE"]
[Date "2007.08.17"]
[Round "4"]
[White "Goritsas,C"]
[Black "Kanakaris,G"]
[Result "1-0"]
[WhiteElo "2327"]
[BlackElo "2216"]

1.d4 Nf6 2.c4 g6 3.Nc3 Bg7 4.e4 d6 5.Nf3 O-O 6.Be2 e5 7.d5 a5 8.Bg5 h6 9.Bh4 Na6
10.Nd2 Qe8 11.a3 Nh7 12.b4 f5 13.f3 h5 14.Bf2 f4 15.c5 g5 16.cxd6 cxd6 17.Nc4 Qg6
18.Nxa5 g4 19.Na4 Ng5 20.Qd3 Bf6 21.Nb6 Rb8 22.Rc1 h4 23.Nxc8 Rbxc8 24.Rxc8 Rxc8
25.Kd2 g3 26.Bg1 h3 27.hxg3 hxg2 28.Rh2 fxg3 29.Rxg2 Nh3 30.Be3 Bg5 31.Nxb7 Bxe3+
32.Qxe3 Nf4 33.Rg1 g2 34.Bxa6 Nh3 35.Nxd6 Nxg1 36.Bxc8 Nxf3+ 37.Qxf3 g1=Q
38.Be6+ Kg7 39.Nf5+ Kh8 40.Ne3 Qh6 41.Ke2 Qgh2+ 42.Kd3 Q6f4 43.Qd1 Qhh4 44.Bf5 Qhh6
45.Qc1 Qa6+ 46.Kc3 Qf3 47.Kb2 Qfe2+ 48.Nc2 Qh2 49.Qg5 Qb6 50.Kb3 Qhh6 51.Qe7 Qbd6
52.Qxd6 Qxd6 53.Ne3 Qb6 54.Nc4 Qd4 55.b5 Kg7 56.Kb4 Kf6 57.d6 Qa7 58.a4 Qb7
59.a5 Qa7 60.b6 Qa8 61.Kb5 Qe8+ 62.d7 Qg8 63.a6 Ke7 64.a7 Qa8 65.Na5 Qg8
66.Nc6+  1-0

[Event "Petrovskaya Ladya GM"]
[Site "Peterhof RUS"]
[Date "2007.08.17"]
[Round "7"]
[White "Khuseinkhodzhaev,M"]
[Black "Gorovykh,E"]
[Result "0-1"]
[WhiteElo "2310"]
[BlackElo "2409"]

1.d4 Nf6 2.c4 g6 3.Nc3 Bg7 4.e4 O-O 5.Nf3 d6 6.Be2 e5 7.d5 a5 8.Bg5 Na6 9.Nd2 Qe8
10.O-O h6 11.Bh4 Nh7 12.a3 Bd7 13.Rb1 a4 14.Nb5 Bxb5 15.cxb5 Nc5 16.f3 Nf6
17.g4 Nfd7 18.Bf2 f5 19.gxf5 gxf5 20.exf5 Rxf5 21.Kh1 Qf7 22.Rg1 Kh8 23.Nf1 e4
24.Ne3 exf3 25.Bd3 Nxd3 26.Qxd3 Rf4 27.Rg3 Nc5 28.Qc2 Ne4 29.Rh3 Re8 30.Re1 Nxf2+
31.Qxf2 Qf6 32.Rg1 Qd4 33.Nd1 Qxd5 34.Nc3 Qf7 35.Rgg3 Rf8 36.Nd1 Qd5 37.Nc3 Qf5
38.Nd1 Kh7 39.Ne3 Qe4 40.Nf1 Bd4 41.Qd2 f2+ 42.Rg2 Rg8 43.Qd3 Qxd3 44.Rxd3 Bxb2
45.h3 b6 46.Re3 Rxg2 47.Kxg2 Kg6 48.Nd2 Rf5 49.Nf3 Rxb5 50.Re6+ Kg7 51.Re7+ Kf6
52.Rxc7 Bxa3 53.Kxf2 Bc5+ 54.Kg3 a3 55.Ra7 Ra5  0-1

[Event "20th Open"]
[Site "Panevezys LTU"]
[Date "2007.08.18"]
[Round "1"]
[White "Aleksandravicius,D"]
[Black "Luch,M"]
[Result "0-1"]
[WhiteElo "1790"]
[BlackElo "2362"]

1.Nf3 Nf6 2.c4 g6 3.d4 Bg7 4.Nc3 O-O 5.e4 d6 6.Be2 Na6 7.O-O e5 8.d5 Nc5
9.Nd2 a5 10.f3 Bh6 11.Nb3 Bxc1 12.Qxc1 Nfd7 13.Nxc5 Nxc5 14.Qh6 f5 15.h4 Bd7
16.Rad1 Qe7 17.Qg5 Qg7 18.h5 Rf6 19.h6 Qe7 20.Rf2 Qf7 21.Rdf1 Rf8 22.exf5 Rxf5
23.Qe3 Qf6 24.g3 Qd8 25.f4 exf4 26.Rxf4 Qg5 27.R4f3 Qxe3+ 28.Rxe3 Rxf1+ 29.Bxf1 Re8
30.Rxe8+ Bxe8 31.Bh3 Kf7 32.Nb5 Bxb5 33.cxb5 Kf6 34.a3 Kg5 35.b4 axb4 36.axb4 Ne4
37.b6 cxb6 38.Bc8 Nxg3 39.Bxb7 Nf5  0-1

[Event "Petrovskaya Ladya GM"]
[Site "Peterhof RUS"]
[Date "2007.08.18"]
[Round "8"]
[White "Yevseev,D"]
[Black "Maslak,K"]
[Result "1/2-1/2"]
[WhiteElo "2515"]
[BlackElo "2548"]

1.d4 Nf6 2.c4 g6 3.Nc3 Bg7 4.e4 O-O 5.Nf3 d6 6.Be2 e5 7.Be3 Na6 8.O-O Ng4
9.Bg5 Qe8 10.Re1 f6 11.Bc1 c6 12.h3 Nh6 13.Bf1 Nf7 14.Rb1 c5 15.dxe5 dxe5
16.a3 Nd8 17.b4 Ne6 18.Nd5 Rf7 19.Bd2 Nb8 20.Bd3  1/2-1/2

[Event "Open A"]
[Site "Polanica Zdroj POL"]
[Date "2007.08.18"]
[Round "2"]
[White "Kuciel,W"]
[Black "Bugalski,M"]
[Result "0-1"]
[WhiteElo "2162"]
[BlackElo "2267"]

1.Nf3 Nf6 2.d4 g6 3.c4 Bg7 4.Nc3 O-O 5.e4 d6 6.Be2 e5 7.Be3 Ng4 8.Bg5 f6
9.Bh4 g5 10.Bg3 Nc6 11.d5 Ne7 12.Nxg5 Nxf2 13.Bxf2 fxg5 14.O-O Ng6 15.g3 Bh3
16.Bg4 Bxf1 17.Qxf1 Kh8 18.Qh3 Ne7 19.Be3 Ng8 20.Qh5 Nf6 21.Qxg5 Bh6 22.Qxh6 Nxg4
23.Qg5 Qxg5 24.Bxg5 Rf3 25.Nb5 a6 26.Nxc7 Rc8 27.Ne6 Rxc4 28.Rc1 Rxc1+ 29.Bxc1 Ne3
30.Bxe3 Rxe3 31.Ng5 Re2 32.Nf7+ Kg7 33.Nxd6 Rxb2 34.a4 b5 35.axb5 axb5 36.g4 b4
37.h4 b3 38.Kf1  0-1

[Event "Open A"]
[Site "Polanica Zdroj POL"]
[Date "2007.08.19"]
[Round "3"]
[White "Moranda,W"]
[Black "Wieczorek,Z"]
[Result "1-0"]
[WhiteElo "2492"]
[BlackElo "2301"]

1.d4 Nf6 2.c4 g6 3.Nc3 Bg7 4.e4 d6 5.Nf3 O-O 6.Be2 e5 7.Be3 Nbd7 8.O-O Qe7
9.Qc2 c6 10.Rad1 h6 11.d5 c5 12.g3 Nh7 13.Nh4 Ng5 14.Kh1 Nf6 15.f3 Nh5 16.Bd3 Bh3
17.Rf2 Bd7 18.Ne2 a6 19.Rff1 b5 20.Ng1 bxc4 21.Bxc4 Rfb8 22.a4 Nh3 23.b3 Re8
24.Nxh3 Bxh3 25.Rfe1 Bc8 26.Qf2 a5 27.Ng2 Ba6 28.Bd2 Reb8 29.Ne3 Bxc4 30.Nxc4 Rxb3
31.Nxa5 Rb2 32.Nc6 Qf6 33.a5 g5 34.Rb1 Ra2 35.Ra1 Rc2 36.Rec1 Rxd2 37.Qxd2 Qxf3+
38.Qg2 Qd3 39.Rd1 Qb3 40.Qe2 Nf6 41.a6 c4 42.a7  1-0

[Event "Dato Arthur Tan Malaysian Op"]
[Site "Kuala Lumpur MAS"]
[Date "2007.08.20"]
[Round "2"]
[White "Lee,T"]
[Black "Bennett,H"]
[Result "0-1"]
[WhiteElo "1867"]
[BlackElo "2132"]

1.e4 g6 2.d4 Bg7 3.c4 d6 4.Nc3 Nf6 5.Nf3 O-O 6.Be2 e5 7.O-O Na6 8.d5 Nc5
9.Qc2 a5 10.b3 Nh5 11.Ne1 Nf4 12.Bxf4 exf4 13.Bd3 f5 14.exf5 Nxd3 15.Qxd3 Bxf5
16.Qf3 Qh4 17.Rc1 Rae8 18.g3 fxg3 19.Qxg3 Qh5 20.Ng2 Bh3 21.Rfe1 Rf3 22.Qh4 Qxh4
23.Nxh4 Rxc3 24.Rxc3 Bxc3 25.Nf3 Re4 26.Kh1 Rg4 27.Rg1 Rxg1+ 28.Nxg1 Bf5
29.Ne2 Be5 30.a3 Bb2 31.b4 Bxa3 32.bxa5 Bd3 33.Nd4 Bxc4 34.Ne6 Bxd5+  0-1

[Event "Acropolis Open"]
[Site "Athens GRE"]
[Date "2007.08.21"]
[Round "8"]
[White "Nikolaidis,I"]
[Black "Zawadzka,J"]
[Result "0-1"]
[WhiteElo "2525"]
[BlackElo "2354"]

1.c4 Nf6 2.Nc3 g6 3.d4 Bg7 4.e4 d6 5.Be2 O-O 6.Nf3 e5 7.d5 a5 8.Be3 Ng4 9.Bg5 f6
10.Bd2 f5 11.Ng5 Nf6 12.exf5 gxf5 13.f4 e4 14.Be3 Na6 15.Nh3 Nc5 16.Nf2 Qe7
17.O-O Bd7 18.Qd2 Kh8 19.Rae1 Rg8 20.Bd4 Qf7 21.Bd1 c6 22.a3 cxd5 23.cxd5 b5
24.b4 axb4 25.axb4 Na6 26.Bb3 Nh5 27.Ne2 Bxd4 28.Nxd4 Qg7 29.Nd1 Nxb4 30.Ne3 Nd3
31.Nexf5 Bxf5 32.Nxf5 Qf6 33.Rxe4 Nc5 34.Bc2 Nxe4 35.Bxe4 Ra4 36.Bd3 b4 37.Qe2 Ng7
38.Ng3 Qd4+ 39.Kh1 Re8 40.Qc2 Ra1 41.Rxa1 Qxa1+ 42.Nf1 Qc3 43.Qd1 b3 44.Qf3 b2
45.f5 Rf8 46.Qe4 Rxf5 47.g4 b1=Q 48.Bxb1 Rxf1+ 49.Kg2 Rxb1 50.Qxb1 Qd2+ 51.Kg3 Qe3+
52.Kh4 Qe5 53.Qa2 h6 54.Qg2 Qf4 55.Kh3 Ne8 56.Qe2 Nf6 57.Qe6 Kg7 58.Qe7+ Kg6
59.Qe2 Kg5  0-1